<?xml version="1.0" encoding="UTF-8"?>
<record
    xmlns:xsi="http://www.w3.org/2001/XMLSchema-instance"
    xsi:schemaLocation="http://www.loc.gov/MARC21/slim http://www.loc.gov/standards/marcxml/schema/MARC21slim.xsd"
    xmlns="http://www.loc.gov/MARC21/slim">

  <leader>02667cam a2200397 i 4500</leader>
  <controlfield tag="001">193291</controlfield>
  <controlfield tag="003">SpMaBN</controlfield>
  <controlfield tag="005">20250804062656.0</controlfield>
  <controlfield tag="007">ta</controlfield>
  <controlfield tag="008">080307s2006    sp     | |||| 000 f spa  </controlfield>
  <datafield tag="017" ind1=" " ind2=" ">
    <subfield code="a">SE 1413-2006</subfield>
    <subfield code="b">Oficina Dep&#xF3;sito Legal Sevilla</subfield>
  </datafield>
  <datafield tag="020" ind1=" " ind2=" ">
    <subfield code="a">9788496115514</subfield>
  </datafield>
  <datafield tag="020" ind1=" " ind2=" ">
    <subfield code="a">8496115518</subfield>
  </datafield>
  <datafield tag="035" ind1=" " ind2=" ">
    <subfield code="a">(OCoLC)71256245</subfield>
  </datafield>
  <datafield tag="035" ind1=" " ind2=" ">
    <subfield code="a">a3331296</subfield>
  </datafield>
  <datafield tag="040" ind1=" " ind2=" ">
    <subfield code="a">SpMaBN</subfield>
    <subfield code="b">spa</subfield>
    <subfield code="c">SpMaBN</subfield>
    <subfield code="e">rdc</subfield>
  </datafield>
  <datafield tag="080" ind1=" " ind2=" ">
    <subfield code="a">821.134.2-31"19"</subfield>
  </datafield>
  <datafield tag="100" ind1="1" ind2=" ">
    <subfield code="a">Legaz, Francisco</subfield>
    <subfield code="0">XX875854</subfield>
    <subfield code="e">aut</subfield>
    <subfield code="9">234225</subfield>
  </datafield>
  <datafield tag="245" ind1="1" ind2="3">
    <subfield code="a">Un viaje hacia el abismo /</subfield>
    <subfield code="c">Francisco Legaz</subfield>
  </datafield>
  <datafield tag="260" ind1=" " ind2=" ">
    <subfield code="a">[Madrid] :</subfield>
    <subfield code="b">Ediciones Irreverentes,</subfield>
    <subfield code="c">[2006]</subfield>
  </datafield>
  <datafield tag="300" ind1=" " ind2=" ">
    <subfield code="a">189 p&#xE1;ginas ;</subfield>
    <subfield code="c">21 cm</subfield>
  </datafield>
  <datafield tag="336" ind1=" " ind2=" ">
    <subfield code="2">rdacontent</subfield>
    <subfield code="a">Texto</subfield>
  </datafield>
  <datafield tag="337" ind1=" " ind2=" ">
    <subfield code="2">rdamedia</subfield>
    <subfield code="a">sin mediaci&#xF3;n</subfield>
  </datafield>
  <datafield tag="338" ind1=" " ind2=" ">
    <subfield code="2">rdacarrier</subfield>
    <subfield code="a">volumen</subfield>
  </datafield>
  <datafield tag="490" ind1="1" ind2=" ">
    <subfield code="a">Nov&#xED;sima biblioteca ;</subfield>
    <subfield code="x">3</subfield>
  </datafield>
  <datafield tag="520" ind1=" " ind2=" ">
    <subfield code="a">"Los dos protagonistas de Un viaje hacia el abismo est&#xE1;n solos. Ella, viviendo en una gran ciudad; &#xE9;l, en un pueblo abandonado, que podr&#xED;a ser cualquier pueblo de Castilla o de Arag&#xF3;n. Ambos escapan de la soledad y se encuentran en un tren que les lleva hacia un destino inesperado", afirm&#xF3; Francisco Legaz en su encuentro con los periodistas esta ma&#xF1;ana en un c&#xE9;ntrico caf&#xE9; madrile&#xF1;o. "Tengo mucha relaci&#xF3;n con Castilla, sobre todo con Zamora, y he reflejado la vida de uno de esos hombres que conzco bien, que viven en un pueblo al que se ha dejado morir. Quiz&#xE1; piense que su soledad es &#xFA;nica, pero es una constante en el mundo actual, y es dif&#xED;cil huir de ella. Todos intentamos escapar, y el tren, el viaje, es una met&#xE1;fora de esa huida."

Narrativa intimista, una visi&#xF3;n psicol&#xF3;gica que profundiza en el alma de sus personajes, el entorno que participa como un actor m&#xE1;s? En Un viaje hacia el abismo encontramos seres humanos que se suicidan inducidos por el comportamiento de los otros, un sacerdote para el que llegar a la gran ciudad supone gozar de la compa&#xF1;&#xED;a de mujeres de pago; un asesinato, una mujer que decide abandonarlo todo y emprender un viaje de huida y un hombre que desde un lugar completamente distinto, decide hacer lo mismo, en sentido contrario. </subfield>
  </datafield>
  <datafield tag="655" ind1=" " ind2="0">
    <subfield code="a">Novelas</subfield>
    <subfield code="9">234319</subfield>
  </datafield>
  <datafield tag="830" ind1=" " ind2="0">
    <subfield code="9">234422</subfield>
    <subfield code="a">Nov&#xED;sima biblioteca</subfield>
  </datafield>
  <datafield tag="852" ind1=" " ind2=" ">
    <subfield code="a">ES-MaACL</subfield>
    <subfield code="b">R. 154695</subfield>
    <subfield code="c">DEPOJ</subfield>
    <subfield code="j">N-9469</subfield>
    <subfield code="h">Donaci&#xF3;n: Francisco Legaz</subfield>
    <subfield code="9">200730</subfield>
    <subfield code="x">Encuadernaci&#xF3;n r&#xFA;stica con solapas</subfield>
  </datafield>
  <datafield tag="903" ind1=" " ind2=" ">
    <subfield code="a">Legaz, Francisco</subfield>
    <subfield code="e">dnr</subfield>
    <subfield code="9">234225</subfield>
  </datafield>
  <datafield tag="942" ind1=" " ind2=" ">
    <subfield code="n">0</subfield>
    <subfield code="c">MONOGRAFIA</subfield>
  </datafield>
  <datafield tag="999" ind1=" " ind2=" ">
    <subfield code="c">193291</subfield>
    <subfield code="d">193291</subfield>
  </datafield>
  <datafield tag="952" ind1=" " ind2=" ">
    <subfield code="0">0</subfield>
    <subfield code="1">0</subfield>
    <subfield code="2">udc</subfield>
    <subfield code="4">0</subfield>
    <subfield code="7">0</subfield>
    <subfield code="a">ATENEOM</subfield>
    <subfield code="b">ATENEOM</subfield>
    <subfield code="c">DEPOJ</subfield>
    <subfield code="d">2023-10-30</subfield>
    <subfield code="e">DONACION</subfield>
    <subfield code="j">1</subfield>
    <subfield code="l">0</subfield>
    <subfield code="o">N-9469</subfield>
    <subfield code="p">101206019</subfield>
    <subfield code="r">2023-10-30 00:00:00</subfield>
    <subfield code="y">MONOGRAFIA</subfield>
  </datafield>
</record>
